00347nam a2200133Ia 4500008004100000020001500041082001500056100002200071245005000093260002400143300001000167500002400177650001200201230524s9999 xx 000 0 und d a9812436944 a5.453bLOU aKenneth C. Louden 0aCompiler Construction Principles and Practice aBOSTONbVikasc2003 aX;582 aQuantity Number: 2 aComp-Sc